<?xml version="1.0" encoding="UTF-8"?>
<collection xmlns="http://www.loc.gov/MARC21/slim">
 <record>
  <leader>06353nam a2200445 a 4500</leader>
  <controlfield tag="001">kal5382</controlfield>
  <controlfield tag="003">Gr-AtHEAL</controlfield>
  <controlfield tag="005">20160425073651.0</controlfield>
  <controlfield tag="006">m        d        </controlfield>
  <controlfield tag="008">160413s2015    gr      s           gre|c</controlfield>
  <datafield tag="020" ind1=" " ind2=" ">
   <subfield code="a">9789606031137</subfield>
  </datafield>
  <datafield tag="040" ind1=" " ind2=" ">
   <subfield code="a">GR-AtHEAL</subfield>
   <subfield code="b">gre</subfield>
   <subfield code="c">GR-AtHEAL</subfield>
  </datafield>
  <datafield tag="082" ind1="0" ind2="4">
   <subfield code="a">616.075</subfield>
   <subfield code="2">23</subfield>
  </datafield>
  <datafield tag="100" ind1="1" ind2=" ">
   <subfield code="a">Καρκαλούσος, Πέτρος.</subfield>
   <subfield code="8">1070</subfield>
  </datafield>
  <datafield tag="245" ind1="1" ind2="0">
   <subfield code="a">Εργαστηριακές ασκήσεις κλινικής χημείας</subfield>
   <subfield code="h">[Ηλεκτρονικός πόρος] </subfield>
   <subfield code="c">Καρκαλούσος, Πέτρος ; κ.α. ; Κριτικός αναγνώστης,Καρίκας, Γεώργιος-Αλβερτος ; Γραφιστική επιμέλεια,Λάσκαρη, Ηρώ ; Τεχνική επιμέλεια,Σταυρουλάκης, Πέτρος ; Γλωσσική επιμέλεια,Κλαδά, Νεκταρία.</subfield>
  </datafield>
  <datafield tag="260" ind1=" " ind2=" ">
   <subfield code="a">Αθήνα :</subfield>
   <subfield code="b">Σύνδεσμος Ελληνικών Ακαδημαϊκών Βιβλιοθηκών,</subfield>
   <subfield code="c">c2015.</subfield>
  </datafield>
  <datafield tag="490" ind1=" " ind2=" ">
   <subfield code="a">Ακαδημαϊκά Ηλεκτρονικά Συγγράμματα και Βοηθήματα Κάλλιπος</subfield>
   <subfield code="8">40</subfield>
  </datafield>
  <datafield tag="520" ind1=" " ind2=" ">
   <subfield code="a">Το βιβλίο αυτό φιλοδοξεί να αποτελέσει ένα πλήρες εργαστηριακό βοήθημα για τους φοιτητές που προορίζονται να δουλέψουν σε διαγνωστικό εργαστήριο κλινικής χημείας όπως φοιτητές τμημάτων Ιατρικών Εργαστηρίων, Χημείας, Βιολογίας και Ιατρικής της ειδικότητας της βιοπαθολογίας. Συγκεκριμένα καλύπτονται τα αντικείμενα των βιοχημικών αναλύσεων (υποστρώματα, ένζυμα κ.α.), των ανοσοχημικών αναλύσεων (ορμόνες, καρκινικοί δείκτες κ.α.), των ηλεκτρολυτών (ιοντοεπιλεκτικά ηλεκτρόδια) αλλά και εξειδικευμένες τεχνικές όπως είναι η υγρή χρωματογραφία υψηλής απόδοσης, η υπέρυθρος φασματοσκοπία και η ατομική απορρόφηση. Βασικός σκοπός του βιβλίου του είναι να καλυφθούν:1. Οι βασικές αρχές αναλύσεων. Θα περιγραφούν οι βασικές αρχές μεθόδου των βιοχημικών αναλύσεων. Νόμος Lambert-Beer, ιδιότητες του φωτός, καμπύλες αναφοράς, τύποι βιοχημικών αναλύσεων (τελικού σημείου, κινητικές). Βασικές αρχές ανοσοχημικών αναλύσεων (ELISA). Τα στάδια της βιοχημικής ανάλυσης σε δια χειρός και αυτόματες αναλύσεις. Ειδικά για τις εξετάσεις της κλασικής κλινικής χημείας θα δοθεί κατάλογος και ερμηνεία των βασικών μεθόδων ανάλυσης. Για κάθε τύπο ανάλυσης θα δοθούν παραδείγματα και ασκήσεις.2. Η σύγχρονη τεχνολογία των αναλυτών. Θα γίνει σύντομη ανασκόπηση της ιστορίας της σχετικής τεχνολογίας από το φωτόμετρο μέχρι τον σύγχρονο βιοχημικό αναλυτή. Θα περιγραφούν οι διαφορετικές τεχνολογίες σε διαφορετικά είδη αναλυτών (συνεχούς ροής, τυχαίας προσπέλασης), τα βασικά μηχανολογικά τμήματα των βιοχημικών και ανοσοχημικών αναλυτών αλλά και των απλών φωτομέτρων, των ιοντοεπιλεκτικών ηλεκτροδίων, των αναλυτών HPLC και της ατομικής απορρόφησης.3. Ο έλεγχος ποιότητας. Θα περιγραφεί η βασική αρχή του στατιστικού ελέγχου ποιότητας, τα τυχαία και συστηματικά σφάλματα, τα διαγράμματα ελέγχου, η διαφορά του εσωτερικού και εξωτερικού ελέγχου ποιότητας κ.α.4. Η ασφάλεια εργαστηρίου.Επιπλέον επιμέρους κεφάλαια του βιβλίου καλύπτουν και τη διδασκαλία του ISO 15189 στα βιοχημικά εργαστήρια.</subfield>
  </datafield>
  <datafield tag="650" ind1=" " ind2="0">
   <subfield code="a">Clinical chemistry</subfield>
   <subfield code="8">2349</subfield>
  </datafield>
  <datafield tag="650" ind1=" " ind2="0">
   <subfield code="a">Clinical chemistry</subfield>
   <subfield code="x">Laboratory manuals</subfield>
   <subfield code="8">2351</subfield>
  </datafield>
  <datafield tag="653" ind1=" " ind2=" ">
   <subfield code="a">Υγρή χρωματογραφία υψηλής απόδοσης</subfield>
  </datafield>
  <datafield tag="653" ind1=" " ind2=" ">
   <subfield code="a">Ανοσοχημεία</subfield>
  </datafield>
  <datafield tag="653" ind1=" " ind2=" ">
   <subfield code="a">Στατιστικός έλεγχος ποιότητας</subfield>
  </datafield>
  <datafield tag="653" ind1=" " ind2=" ">
   <subfield code="a">Αυτόματοι αναλυτές</subfield>
  </datafield>
  <datafield tag="653" ind1=" " ind2=" ">
   <subfield code="a">Φωτομετρία</subfield>
  </datafield>
  <datafield tag="653" ind1=" " ind2=" ">
   <subfield code="a">Κλινική χημεία</subfield>
  </datafield>
  <datafield tag="653" ind1=" " ind2=" ">
   <subfield code="a">Χημεία/γενική χημεία</subfield>
   <subfield code="a">Βιοχημεία</subfield>
   <subfield code="a">Κλινική βιοχημεία</subfield>
  </datafield>
  <datafield tag="700" ind1="1" ind2=" ">
   <subfield code="a">Φούντζουλα, Χριστίνα</subfield>
   <subfield code="e">Συγγραφέας</subfield>
   <subfield code="8">1071</subfield>
  </datafield>
  <datafield tag="700" ind1="1" ind2=" ">
   <subfield code="a">Τσότσου, Γεωργία Ελένη</subfield>
   <subfield code="e">Συγγραφέας</subfield>
   <subfield code="8">1072</subfield>
  </datafield>
  <datafield tag="700" ind1="1" ind2=" ">
   <subfield code="a">Σπυρόπουλος, Βασίλειος</subfield>
   <subfield code="e">Συγγραφέας</subfield>
   <subfield code="8">1073</subfield>
  </datafield>
  <datafield tag="700" ind1="1" ind2=" ">
   <subfield code="a">Πλαγεράς, Παναγιώτης</subfield>
   <subfield code="e">Συγγραφέας</subfield>
   <subfield code="8">1074</subfield>
  </datafield>
  <datafield tag="700" ind1="1" ind2=" ">
   <subfield code="a">Παπαϊωάννου, Άγγελος</subfield>
   <subfield code="e">Συγγραφέας</subfield>
   <subfield code="8">1075</subfield>
  </datafield>
  <datafield tag="700" ind1="1" ind2=" ">
   <subfield code="a">Κρούπης, Χρήστος</subfield>
   <subfield code="e">Συγγραφέας</subfield>
   <subfield code="8">1076</subfield>
  </datafield>
  <datafield tag="700" ind1="1" ind2=" ">
   <subfield code="a">Ζωή, Γεωργίου</subfield>
   <subfield code="e">Συγγραφέας</subfield>
   <subfield code="8">1077</subfield>
  </datafield>
  <datafield tag="700" ind1="1" ind2=" ">
   <subfield code="a">Καρίκας, Γεώργιος-Αλβερτος</subfield>
   <subfield code="e">Κριτικός αναγνώστης</subfield>
   <subfield code="8">1078</subfield>
  </datafield>
  <datafield tag="856" ind1="4" ind2="0">
   <subfield code="u">http://hdl.handle.net/11419/5382</subfield>
   <subfield code="z">Πλήρες Κείμενο - Full text</subfield>
  </datafield>
  <datafield tag="907" ind1=" " ind2=" ">
   <subfield code="a">.b25680626</subfield>
   <subfield code="b">12-06-18</subfield>
   <subfield code="c">29-07-16</subfield>
  </datafield>
  <datafield tag="949" ind1=" " ind2=" ">
   <subfield code="0">0</subfield>
   <subfield code="1">0</subfield>
   <subfield code="2">ddc</subfield>
   <subfield code="4">0</subfield>
   <subfield code="6">616_075000000000000_ΚΑΡ</subfield>
   <subfield code="7">0</subfield>
   <subfield code="8">KALL</subfield>
   <subfield code="8">821</subfield>
   <subfield code="d">2016-04-13</subfield>
   <subfield code="r">2016-04-13</subfield>
   <subfield code="w">2016-04-13</subfield>
   <subfield code="z">616.075 ΚΑΡ</subfield>
   <subfield code="o">SEAB KALLIPOS</subfield>
  </datafield>
  <datafield tag="998" ind1=" " ind2=" ">
   <subfield code="a">80</subfield>
   <subfield code="a">01</subfield>
   <subfield code="a">02</subfield>
   <subfield code="a">03</subfield>
   <subfield code="a">04</subfield>
   <subfield code="a">05</subfield>
   <subfield code="a">06</subfield>
   <subfield code="a">07</subfield>
   <subfield code="a">08</subfield>
   <subfield code="a">09</subfield>
   <subfield code="a">10</subfield>
   <subfield code="a">11</subfield>
   <subfield code="a">12</subfield>
   <subfield code="a">13</subfield>
   <subfield code="a">14</subfield>
   <subfield code="a">15</subfield>
   <subfield code="a">16</subfield>
   <subfield code="a">17</subfield>
   <subfield code="a">18</subfield>
   <subfield code="a">19</subfield>
   <subfield code="a">20</subfield>
   <subfield code="a">21</subfield>
   <subfield code="a">22</subfield>
   <subfield code="a">23</subfield>
   <subfield code="a">24</subfield>
   <subfield code="a">25</subfield>
   <subfield code="a">26</subfield>
   <subfield code="b">16-05-17</subfield>
   <subfield code="c">m</subfield>
   <subfield code="d">z  </subfield>
   <subfield code="e">-</subfield>
   <subfield code="f">gre</subfield>
   <subfield code="g">gr </subfield>
   <subfield code="h">0</subfield>
  </datafield>
  <datafield tag="942" ind1=" " ind2=" ">
   <subfield code="2">ddc</subfield>
   <subfield code="c">KALLIPOS</subfield>
  </datafield>
 </record>
</collection>
